000 00338nam a2200145Ia 4500
008 100122s9999 xx 000 0 und d
082 _b66994
_a823
100 _aPATTERSON JAMES
245 _a3RD DEGREE
260 _bHEADLINE BOOK PUBLISHING
_c2005
300 _a376
630 _a3RD DEGREE
730 _a3RD DEGREE
942 _cBOOK
999 _c380689
_d380686